Sociology of education a critical reader
Guardat en:
| Format: | Llibre |
|---|---|
| Idioma: | anglès |
| Publicat: |
Routledge.
2006.
|
| Etiquetes: |
Afegir etiqueta
Sense etiquetes, Sigues el primer a etiquetar aquest registre!
|
MARC
| LEADER | 00000nam a22000007a 4500 | ||
|---|---|---|---|
| 008 | 211102b ||||| |||| 00| 0 eng d | ||
| 020 | |a 9780415954969 | ||
| 245 | |a Sociology of education |b a critical reader |c edited by Alan R. Sadovnic |g xvii, 534 p. : ill. | ||
| 260 | |b Routledge. |c 2006. |d Book. |h New York. |i 667418 |l LC191.2.So1 |m Educational sociology. |m Educational sociology--United States. |m Sandovnic, Alan R. | ||
| 500 | |a Includes bibliographical references and index. | ||
| 942 | |a lcc |c BK |e Olagoke,M.A. |f 02/11/2021 | ||
| 952 | |0 0 |1 0 |2 lcc |4 0 |7 0 |9 3813 |a HOL |b HOL |c LP |d 2021-11-02 |o LC191.2.S01 |p 2021-67544 |r 2021-11-02 00:00:00 |t 667418 |w 2021-11-02 |y BK | ||
| 999 | |c 1906 |d 1906 | ||